[Event "Bad Ragaz op"]
[Site "Bad Ragaz"]
[Date "1995.??.??"]
[Round "9"]
[White "Donev, Ivo Hristov"]
[Black "Polzin, Rainer"]
[Result "1-0"]
[WhiteElo "2385"]
[BlackElo "2415"]
[Annotator "Donev,I"]
[PlyCount "63"]
[EventDate "1995.04.??"]
[EventType "swiss"]
[EventRounds "9"]
[EventCountry "SUI"]
[SourceTitle "CBM 046"]
[Source "ChessBase"]
[SourceDate "1995.06.01"]
[SourceVersion "1"]
[SourceVersionDate "1995.06.01"]
[SourceQuality "1"]

1. e4 g6 2. d4 Bg7 3. Nf3 d6 4. Nc3 Nf6 5. h3 O-O 6. Be3 c6 7. a4 Qc7 8. Be2
Nbd7 9. O-O e5 10. dxe5 $1 dxe5 {Die Idee dieses Abtausches ist, den
fianchettierten Bg7 durch den eigenen Bauern e5 einzuschränken.} 11. Bc4 $14 {
Alle weiße Steine sind harmonisch im zentrum entwickelt,während der
Nachziehende mit dem Entwicklung des Damenflügel probleme hat.} Re8 (11... Rd8
12. Ng5 Nf8 13. Bxf7+ (13. Qe2 $142 $5) 13... Kh8 14. Qxd8 Qxd8 15. Bb3 Qe7 16.
Nf7+ Kg8 17. Nh6+ Kh8 18. Nf7+ $10) 12. Qd2 (12. Qd3 $5 {/\Rfd1} Nf8 13. Ng5
Ne6 14. Bxe6 Bxe6 15. Nxe6 Rxe6 16. Rfd1 $14 {Nebst Qc4}) 12... Nf8 13. Ng5 Ne6
(13... Re7 14. Rfd1 h6 15. Nxf7 Rxf7 16. Bxf7+ Qxf7 17. Bxh6 $14) 14. Nxe6 (14.
Rfd1 Nxg5 15. Bxg5 Be6 16. Bxe6 Rxe6 $14) 14... Bxe6 15. Bxe6 Rxe6 {In dieser
Stellung habe ich mir folgenden Plan vorgestellt: Kampf um die Initiative am
Damenflügel. a) Kontrolle über die offene d-Linie; b) Aktivieren der weißen
Dame auf dem Damenflügel Qd3-Qc4; c) Lavieren mit dem Ziel, eine Schwäche am
schwarzen Damenflügel zu erzeugen; d) Wenn möglich, mehr Raum am Damenflügel
zu erobern a5, b4; Na4-Nc5.} 16. Rfd1 Bf8 {Der eingesperrte Läufer will atmen.}
17. Qd3 Ne8 (17... Bb4 18. Na2 Ba5 19. Qc4 $16) 18. Qc4 Nd6 19. Qb3 (19. Nb5 $6
Qa5 20. Nxd6 Rxd6 $10) 19... b6 {Schwarz will seinen Turm a8 von der
undankbaren Aufgabe befreien, den Bauern a7 zu decken. Jetzt greift der Be3
den Pa7 nicht mehr an, aber dafür ist das Feld a6 abgeschwächt.} 20. Rd2 Nb7
21. Qc4 $1 (21. Rad1 Na5 22. Rd7 Qxd7 $1) 21... Na5 (21... Rd6 $2 22. Nb5 $18)
22. Qa6 $1 (22. Qa2 Rd8 23. Rxd8 Qxd8 24. Rd1 Rd6 $10) 22... Rd6 23. Rxd6 Bxd6
(23... Qxd6 $2 24. Bxb6 $18) 24. Rd1 Rd8 {[#]} 25. Na2 $3 {/\b4} (25. Rd3 Qb7
26. Qxb7 Nxb7 $10) (25. Bg5 Be7 26. Rxd8+ Qxd8 27. Bxe7 Qxe7 $10) 25... Bf8 $6
(25... c5 26. Nc3 $16 {Schwache weiße Felder d5;b5.}) (25... Qb7 $142 26. Qe2
$14 (26. Nb4 $5)) 26. Rxd8 Qxd8 27. b4 {Jetzt folgt eine erzwungene Variante,
die mit einem starken entfernten Freibauern für Weiß endet.} (27. Qxa7 Qd1+ 28.
Kh2 Qxc2 29. Bxb6 (29. Qxb6 Nc4 $10 30. Qxc6 $2 Nxe3 $19) (29. Qb8 $5) 29...
Nc4 $1 30. Bc5 Bxc5 31. Qxc5 Qxa4 $10) 27... Qd1+ 28. Kh2 Qxc2 29. bxa5 Qxa2
30. Qxa7 $1 {Möglich wäre auch:} (30. axb6 axb6 31. Bxb6 {Der B auf b6 steht
nicht so gut wie auf e3. Wahrscheinlich bekommt Schwarz mit 31... Qc2
Gegenspiel.}) 30... bxa5 31. Qxa5 {Weiß hat entscheidenden Vorteil wegen: a)
dem entfernten Freibauern b) dem guten Be3 gegen den schlechten Bf8 c) der
besseren Lage des Königs.} f6 32. Qa8 {[#] Der gute weiße Be3, der in der
ganzen Partie nur einen einzigen Zug gemacht hat (6.Be3), spielte eine
entscheidende Rolle beim Gewinn dieser Partie. (Wenn 32... Qa3 33.Bh6 nebst
Abtausch von Q und B, und der a-Bauer marschiert.)} (32. Qa8 Kf7 33. Qxc6 $18)
1-0

[Event "EU-Cup 30th"]
[Site "Bilbao"]
[Date "2014.09.19"]
[Round "6.1"]
[White "Edouard, Romain"]
[Black "Bauer, Christian"]
[Result "1/2-1/2"]
[WhiteElo "2674"]
[BlackElo "2641"]
[Annotator "Edouard,R"]
[PlyCount "97"]
[EventDate "2014.09.14"]
[EventType "team-swiss"]
[EventRounds "7"]
[EventCountry "ESP"]
[SourceTitle "CBM 163"]
[Source "ChessBase"]
[SourceDate "2014.11.11"]
[SourceVersion "1"]
[SourceVersionDate "2014.11.11"]
[SourceQuality "1"]
[WhiteTeam "Sestao Naturgas"]
[BlackTeam "Zuerich SG"]
[WhiteTeamCountry "ESP"]
[BlackTeamCountry "SUI"]

1. e4 Nc6 2. Nf3 d6 3. d4 Nf6 4. Nc3 g6 5. d5 Nb8 6. h3 Bg7 7. Be2 (7. Bc4 $5
O-O 8. O-O e5 9. dxe6 Bxe6 10. Bb3 $5 Nc6 11. Re1 Re8 12. Bf4 $36 {also made
sense in: 1/2-1/2 (21) Gharamian,T (2657)-Bauer,C (2658) Nimes FRA 2014}) 7...
O-O 8. O-O e5 9. dxe6 {A move I considered "automatic" as otherwise, the
position would seem like a Kings Indian where the c-pawn is on c2 instead of
c4, which seems inaccurate. However, it seems it also has some advantages, as
White has more of a free hand on the queenside (e.g. freeing the light-squared
bishop, and making it possible to go a4 without fearing the move ...a5 taking
all the dark squares).} ({After} 9. Bg5 $5 {I somehow don't manage to make the
position "work" for Black, as I believe only some kind of King's Indian plan
would be acceptable:} h6 (9... Nbd7 10. Nd2 $14) (9... Qe8 $6 10. Nd2 a6 11. a4
$16) 10. Be3 Nh5 (10... Nfd7 11. Qd2 Kh7 12. Ne1 $5 f5 13. exf5 gxf5 14. f3 Nf6
15. g4 $1 $40 {/\ Ng2}) 11. Re1 Nf4 (11... Nd7 12. Bf1 $14) 12. Bf1 Nd7 (12...
f5 $6 13. Bxf4 exf4 14. e5 $16) 13. g3 Nh5 14. Nd2 $14) 9... Bxe6 10. Bg5 $5 h6
11. Be3 Nc6 12. Qd2 Kh7 13. Nd4 $6 {Repeating one of my opponent's games
without even being aware of it!} ({It would have been more clever to prepare
Nd4 calmly:} 13. Rad1 $5 Re8 14. Rfe1 a6 (14... Bd7 15. Bd3 $14) 15. Bf1 $14)
13... Nxd4 $1 $146 (13... Bd7 14. f4 Re8 15. Bf3 $14 {0-1 (38) Salgado Lopez,I
(2627)-Bauer,C (2628) Saint-Quentin FRA 2014}) 14. Bxd4 d5 $6 (14... c5 $1 15.
Be3 d5 $1 {would equalise at once:} 16. Bxc5 (16. exd5 Nxd5 17. Nxd5 Qxd5 $11)
16... Nxe4 17. Nxe4 dxe4 18. Qe3 Re8 $11) 15. exd5 Nxd5 16. Bxg7 Kxg7 17. Ne4
Bf5 $6 (17... Qe7 $5 18. c4 Nb4 $5 19. Qc3+ f6 {seems to be very little for
White.}) 18. Ng3 Be6 19. Bf3 c6 20. Ne4 Bf5 21. Ng3 Be6 22. Ne4 $6 (22. Rad1 $1
Qe7 23. Bxd5 Bxd5 (23... cxd5 24. c3 $14) 24. c4 Be6 25. Ne4 $14) 22... Bf5 23.
Nc5 Qf6 $5 {A decent option though not the most precise.} (23... Qb6 $1 24.
Qd4+ Kg8 25. Bxd5 cxd5 $11) (23... b6 $5 24. Nb3 (24. Nb7 Qd7 25. c4 Be6 26.
cxd5 cxd5 $11) 24... Qf6 25. Nd4 Rad8 $11) 24. Bxd5 Rad8 25. c4 b6 26. Na4 (26.
Na6 $5 Be6 27. Nc7 Rd7 28. Rfe1 cxd5 29. Nxe6+ fxe6 $11) 26... b5 27. Nc3 bxc4
28. Rfd1 Rfe8 $6 (28... cxd5 $1 29. Nxd5 Qe5 30. f4 Qb8 $5 31. Qc3+ f6 $11) 29.
Qc1 cxd5 30. Nxd5 Qe5 31. f4 Qe6 32. Qxc4 h5 33. Qc3+ $2 (33. Qc5 $142) 33...
Kh6 34. Qc5 Rc8 35. Qf2 Rc2 36. Rd2 Rxd2 37. Qxd2 Qe2 38. Qc3 Qd3 $2 $138 (
38... Bc8 $1 $44) 39. Qxd3 Bxd3 40. Rd1 Bf5 41. Kf2 Re4 42. Kf3 Ra4 43. Nc3 Rb4
44. g4 $5 (44. b3 $16) 44... Bc8 45. b3 Bb7+ 46. Ke3 hxg4 47. hxg4 g5 48. Rd4
$4 {An indescribable blunder.} ({The logical} 48. Rd6+ {should win easily:} Kg7
49. fxg5 Rxg4 50. Rd7 Rg3+ (50... Rb4 51. Na4 $18) 51. Kd2 Rg2+ 52. Kc1 Bc8 53.
Rxa7 Bf5 54. Ra5 $1 Kg6 $140 $6 55. Nd5 $18) 48... Rxd4 49. Kxd4 (49. Kxd4 gxf4
50. Ne4 $11) 1/2-1/2

[Event "EU-ch 4th"]
[Site "Istanbul"]
[Date "2003.06.08"]
[Round "9"]
[White "Godena, Michele"]
[Black "Baklan, Vladimir"]
[Result "1/2-1/2"]
[WhiteElo "2527"]
[BlackElo "2607"]
[Annotator "Erenburg,S"]
[PlyCount "84"]
[EventDate "2003.05.30"]
[EventType "swiss"]
[EventRounds "13"]
[EventCountry "TUR"]
[SourceTitle "CBM 096"]
[Source "ChessBase"]
[SourceDate "2003.09.25"]
[SourceVersion "1"]
[SourceVersionDate "2003.09.25"]
[SourceQuality "1"]

1. e4 d6 2. d4 Nf6 3. Nc3 c6 4. Nf3 g6 5. Be2 Bg7 6. O-O O-O 7. Re1 Qc7 8. Bf4
Nbd7 {Black can prevent white's 9.e5 with} (8... Nh5 9. Be3 (9. Bg5 {1-0
Svidler,P-Hickl,J/Bad Homburg 1997/CBM 60/[Har Zvi] (41)}) 9... Nd7 (9... e5
10. Qd2 Re8 11. Rad1 Nd7 12. d5 c5 13. Nb5 Qb8 14. a4 a6 15. Nc3 Qc7 16. h3 Rb8
17. Nh2 $14 {Anand,V-Kramnik,V/Monaco rapid/ 1995}) 10. Nd2 $146 {0-1 Bologan,
V-Akopian,V/Moscow 2002/CBM 90/[Avrukh,B] (53)}) 9. e5 Ne8 {Much more popular
and principal is} (9... Nh5 10. Bg5 (10. exd6 exd6 11. Bg5 (11. Be3 f5 12. d5
f4 13. Bd4 $14 {1-0 Andersson,U-Van der Wiel,J/Tilburg 1984/MCD (37)}) 11... h6
12. Bd2 Nb6 13. Bd3 Bd7 14. a4 a5 15. h3 Rae8 $11 {1-0 Karpov,A-Speelman,J/
Paris 1991/CBM 26 ext (38)}) 10... dxe5 (10... f6 11. Be3 (11. exf6 exf6 12.
Be3 f5 $6 {[%csl Re6,Rg5]} (12... d5 $11) 13. d5 f4 14. Bd4 Ndf6 15. dxc6 bxc6
16. Ng5 Rb8 17. Bc4+ Kh8 18. Be6 $36 {Dimitrov,V-Norwood,D/Wchj U20 Adelaide/
1988/}) 11... dxe5 12. dxe5 fxe5 (12... Nxe5 13. Nxe5 Qxe5 14. Bxa7 $14) 13.
Ng5 $36 {Bielczyk,J-Dunnington,A/Virton 1992 54/119}) 11. Bxe7 Re8 12. d5 Qb6 (
12... Rxe7 13. d6 Qd8 14. dxe7 Qxe7 15. Ne4 Bf8 16. Bc4 Nb6 17. Bb3 Bg7 18. Ng3
$14 {/+/- Popovic,P-Damljanovic,B Jugoslavija 1992 55/134 [ Popovic,P]}) 13.
Ba3 Nf4 14. Bc4 Nf6 $11 {0-1 Asrian,K-Kasimdzhanov,R/Yerevan 1999/CBM 72 ext 
(26)}) 10. exd6 Nxd6 $146 {The position, which arises after 10.exd6 was played
only one time before this game, where black continued} (10... exd6 11. Bf1 (11.
Qd2 $5) (11. Bd3 $5) 11... Ndf6 12. h3 Qd8 13. Qd2 Nc7 14. Bd3 Be6 15. Bh6 $14
{0-1 Zuidema,C-Scholl,E/NED 1970/MCD (63)}) 11. Ne4 {Looks very logical. White
is continuing to fight for an advantage. Interesting option was} (11. Bd3 $14)
11... e5 $1 {Probably this move equalizes the position.} 12. Nxd6 {Another
possibility, which provides to complicated and sharp game was} (12. Nxe5 Nxe4 (
12... Nxe5 13. Nxd6 $16) 13. Nxg6 Qb6 14. Nxf8 Nxf8 (14... Bxd4 {doesn't work,
in view of} 15. Nxd7 Bxd7 16. Kf1 $1 $16) 15. Bf3 f5 $1 (15... Nf6 16. b3 $14)
16. Bxe4 fxe4 17. Be5 Bxe5 18. dxe5 Bf5 $13 {/=}) 12... exf4 13. Nxc8 Raxc8 14.
c3 c5 15. dxc5 {the following continuations don't give anything special to
white:} (15. Qa4 cxd4 16. Nxd4 Nc5 17. Qa3 a6) (15. d5 Qd6 $11) 15... Nxc5 16.
Qc2 a6 17. a4 Rfd8 18. Bc4 {[%cal Gf3g5]} Bf6 {preventing Ng5.} 19. h3 {
The position is approximately equal. None of sides doesn't have any good plan
to improve his position, so, probably the opponents are going to change rooks
on the "e" or "d" lines.} Kg7 20. Re2 Re8 21. Rxe8 Rxe8 22. Re1 $11 {The
opponents could agree for a draw even here, as position is absolutely equal.}
Rd8 (22... Rxe1+ {provides to a draw as well.} 23. Nxe1 Qa5 24. Nd3 Nxa4 25.
Nxf4 Nxb2 26. Qxb2 Qc7 27. Bd5 Qxf4 28. Qxb7 $11) 23. Rd1 Re8 24. Re1 Rd8 25.
Rd1 Rd7 26. Rxd7 Qxd7 {In spite of black's double pawns, white hasn't
advantage, even not a slight one, as he isn't able to organize the passed pawn.
All white's queenside pawns are target for black.} 27. a5 Qa4 28. Qe2 $1 Qd7 $6
{Probably black played for a win in this equal position, as he could achieve a
draw after simple taking on a5.} (28... Qxa5 29. b4 Qa1+ 30. Kh2 Ne6 (30... b5
31. bxc5 bxc4 32. c6 Qa4 33. Qe4 {[%cal Gc6c7]} Qa5 34. Qxc4 $16) 31. Bxe6 fxe6
32. Qxe6 Qxc3 33. Qd7+ Kh6 34. Qxb7 Qc4 $11) 29. Kh2 h5 ({Better was} 29... Na4
30. Qc2 Nc5 $11) 30. Ba2 {[%cal Ge2c4]} g5 $4 {Black plays too agressive for a
win and should be punished for it.} (30... Na4 31. Ne1 {[%cal Ge1d3]} (31. Bb3
Nc5 $11) 31... Qc7 $6 32. Kg1 $14 Qxa5 $2 33. Qc4 $16) 31. Qc4 $2 {overlooking
much more attractive possibility:} (31. Nxg5 $1 Bxg5 32. Qe5+ Bf6 33. Qxc5 {
with excellent chances for a win.}) 31... Nd3 32. Qd5 Qxd5 33. Bxd5 Nxb2 34.
Bxb7 Nc4 {Black had a draw also after} (34... Bxc3 35. Nxg5 Bxa5 36. Bxa6 Nd1
$11) 35. Bxa6 Nxa5 36. c4 ({Doesn't change the result of the game:} 36. Nd4 Be5
37. Kg1 Kf6 $11) 36... g4 37. hxg4 hxg4 38. Nd2 Be5 39. Bc8 g3+ 40. fxg3 fxg3+
41. Kh3 Bf4 42. Ne4 Nxc4 1/2-1/2

[Event "EU-ch 4th"]
[Site "Istanbul"]
[Date "2003.06.07"]
[Round "8"]
[White "Grigoriants, Sergey"]
[Black "Vajda, Levente"]
[Result "0-1"]
[WhiteElo "2506"]
[BlackElo "2592"]
[Annotator "Erenburg,S"]
[PlyCount "64"]
[EventDate "2003.05.30"]
[EventType "swiss"]
[EventRounds "13"]
[EventCountry "TUR"]
[SourceTitle "CBM 096"]
[Source "ChessBase"]
[SourceDate "2003.09.25"]
[SourceVersion "1"]
[SourceVersionDate "2003.09.25"]
[SourceQuality "1"]

1. e4 g6 2. d4 Bg7 3. Nc3 d6 4. Nf3 Nf6 5. Bf4 {Rare continuation, but
interesting one. White prepares option of providing e4-e5, after which he gets
quite a comfortable pawn structure.} c6 6. Qd2 Bg4 {Another theoretical line is
} (6... O-O 7. Bh6 b5 8. Bxg7 (8. a3 a5 (8... a6 9. h4 Nbd7 10. h5 e5 11. hxg6
fxg6 12. Bxg7 Kxg7 13. Ng5 $16 {1-0 Meyers,V-Heck,N/Giessen op 1992 (27)}) 9.
Bd3 Bg4 10. Bxg7 Kxg7 11. e5 dxe5 12. dxe5 Nfd7 13. Qg5 Bxf3 14. gxf3 f6 $15 {
1/2-1/2 Stripunsky Alexander-Bologan Viktor/Ch Russia (club) Azov (Russia) (7)
1996 (34)}) (8. Bd3 a6 (8... Bg4 9. h4 Bxf3 10. gxf3 Nh5 11. Ne2 e5 12. O-O-O
Nd7 13. dxe5 Nxe5 14. Bxg7 Kxg7 15. f4 Nxd3+ 16. Qxd3 $14 {[%cal Gf4f5] 1-0
Mohr,G-Mueller,A/Lienz ,EXT 1988 (59)}) 9. h4 Nh5 10. O-O-O Bg4 11. Rdg1 Bxf3
12. gxf3 e5 13. Ne2 Qf6 (13... exd4 14. Bxg7 Kxg7 15. Nxd4 $16) 14. Bxg7 Kxg7
15. Ng3 Nxg3 16. fxg3 $132 {0-1 Horvath,S-Clausen,S/Copenhagen 1986 (25)}) 8...
Kxg7 {1/2-1/2 Vorotnikov,V-Bakhtadze,G/Moscow 1999/CBM 70/[Tsesarsky] (35)}) 7.
Be2 {White saves the option of castle to both sides and he is waiting for
black actions.} (7. O-O-O O-O 8. Bh6 b5 9. Bd3 e5 10. Ne2 Nbd7 11. dxe5 dxe5
$11 {1-0 Stangl,M-Buchal,S/Germany 1995/GER-chT (33)}) 7... Nbd7 8. O-O-O $146
{White chooses the option of long castle, which, probably, provides to sharper
game than the option of short castle.} (8. Bh6 Bxh6 9. Qxh6 Bxf3 10. gxf3 b5
11. a3 a5 $13 {0-1 Hausrath,D-Hort,V/Essen 2000/EXT 2001 (21)}) 8... h6 {
Black doesn't hurry to castle. First of all, he prevents Bh6, which would
weaken dark squares in black camp. Black intends to get the counterplay on the
queenside with typical b7-b5 or maybe Qd8-a5.} 9. e5 (9. h3 {seems like an
interesting option to get pair of bishops, while black can't castle
immediately. For instance:} Bxf3 10. Bxf3 Qa5 11. Kb1 O-O-O 12. Rhe1 Nb6 13.
Nd5 Qxd2 14. Nxb6+ axb6 15. Rxd2 $14) 9... dxe5 10. Nxe5 Be6 {Probably right
decision to save light-squared bishop. Otherwise white succeeds to get the
advantage:} (10... Bxe2 11. Qxe2 Nb6 12. Rhe1 $14 {[%csl Ge5]}) 11. Rhe1 Nxe5
12. Bxe5 Qa5 13. a3 O-O {This continuation gives black option of attack on the
queenside, while long castle provides to position, where white's chances are
slightly better.} (13... O-O-O 14. Bd3 Rhe8 15. h3 $14) 14. Bd3 Rad8 15. Kb1 $2
{Too slow. After this move black succeeds to get the counterplay with 15...
Nd5! The following possibilty looks more attractive:} (15. Qf4 $1 {[%cal Ge5c7]
} Nd5 16. Nxd5 Qxd5 17. Qg3 $1 {[%cal Gd3g6]} Qa2 18. Bxg7 (18. Bxg6 fxg6 19.
Qxg6 Rf7 20. Bxg7 Bf5 $19) 18... Kxg7 19. f4 $1 $36 {[%cal Gf4f5]}) 15... Nd5
16. Bxg6 $2 {Probably Sergey wanted to win the game too much, while the
estimation of the position doesn't give white a chance to win. Better was one
of 2 following options:} (16. Ne2 $5 Qxd2 (16... Qa4 17. h4 $14 {[%cal Gh4h5]})
17. Rxd2 b5 $5 {[%csl Yc4,Yd5,Ye6][%cal Gd5b6]} (17... Bxe5 18. dxe5 Rd7 (18...
Nb6 19. Nf4 Bc4 20. Red1 $14) 19. Red1 Rfd8 20. Kc1 $14 {/=}) 18. Bxg7 (18. c3
Bxe5 (18... Nb6 19. Bxg7 Kxg7 20. Nf4) 19. dxe5 Nb6 20. Nd4 Bd5 21. f4 c5 22.
Nxb5 Bc4 $15) 18... Kxg7 19. c3 $11) (16. Ne4 Qxd2 17. Rxd2 Bxe5 18. dxe5 Nf4
$11) 16... Bxe5 (16... fxg6 17. Bxg7) 17. Qxh6 {Other continuations are even
worse than the move in the game.} (17. Nxd5 Qxd5 18. Qxh6 Qa2+ 19. Kc1 Bf4+ $1
20. Qxf4 fxg6 $19) (17. Rxe5 Nxc3+ 18. bxc3 (18. Qxc3 Qxe5 $19) 18... Qxe5 $19)
17... Nxc3+ 18. bxc3 fxg6 19. Qxg6+ (19. Rxe5 {doesn't change an estimation of
position:} Qb6+ $1 (19... Qxe5 20. dxe5 Rxd1+ 21. Kb2 Bf5 22. f3 {[%cal Gg2g4]
and position is not so clear.}) 20. Ka1 Rf6 $17 {with following c6-c5.}) 19...
Bg7 20. Qxe6+ Rf7 $17 {White has 3 pawns for a dark-squared bishop, but his
pawn structure is very bad, at the same time his monarch is vulnerable. So I
would evaluate this position as big advantage for black.} 21. Rd3 Qb5+ ({
Even stronger was} 21... c5 $1 22. Rf3 Qb6+ $17) 22. Ka1 Qd5 (22... Rd6 $5 {
strong enough as well.}) 23. f3 Qa5 24. Ka2 Qd5+ 25. Ka1 b5 26. Rde3 $2 (26.
Kb2 $17 {not allowing black to provide c6-c5.}) 26... c5 $1 27. Qxd5 Rxd5 28.
Rxe7 cxd4 29. Rxf7 $2 (29. Re8+ Rf8 30. cxd4 Rxd4 31. Ka2 $17 Rd2 32. R8e2 {
and white saves some chance for a draw.}) 29... Kxf7 $19 {Now the rest is very
simple...} 30. Rd1 Rc5 31. Rd2 Rxc3 32. Ka2 Ke6 0-1